La Junta Suprema de Extremadura en la Guerra de la Independencia Española : Comisión de Gracia y Justicia (1808 - 1812) / José Sarmiento Pérez Comisión de Gracia y Justicia (1808 - 1812) / José Sarmiento Pérez
ISBN:
978-84-9852-085-9
Descripción Física:
378 p. ; 24 cm
MARC
| LEADER | 00000nam a2200000Ia 4500 | ||
|---|---|---|---|
| 001 | 20474 | ||
| 008 | 160829s2008 xx 000 0 cat d | ||
| 020 | |a 978-84-9852-085-9 | ||
| 080 | |a H-3-64 | ||
| 100 | |a Sarmiento Pérez, José |9 45719 | ||
| 245 | |a La Junta Suprema de Extremadura en la Guerra de la Independencia Española : |b Comisión de Gracia y Justicia (1808 - 1812) / José Sarmiento Pérez | ||
| 260 | |a Badajoz : |b Junta de Extremadura. Consejería de Cultura y Turismo, |c 2008 | ||
| 300 | |a 378 p. ; |c 24 cm | ||
| 590 | |a A la coberta: Documentos del Archivo Histórico Provincial de Badajoz | ||
| 650 | |a Guerra contra Napoleó, 1808/1814 |x Extremadura |9 45720 | ||
| 650 | |a Junta Suprema de Extremadura |9 45721 | ||
| 710 | 1 | |a Extremadura. |b Consejería de Cultura y Turismo |9 54128 | |
| 901 | |a Arxiu | ||
| 942 | |n 1 | ||
| 952 | |0 0 |1 0 |4 0 |6 H364 |7 1 |9 52775 |a Arxiu |b Arxiu |d 2016-12-01 |l 0 |o H-3-64 |p 20474 |r 2016-12-01 00:00:00 |w 2016-12-01 |y ARXIU | ||
| 999 | |c 56624 |d 56624 | ||